How well do you know BTS/ Bangatan Sonyeondan. - Statistics

General Stats
  • This quiz has been taken 1,840 times
  • The average score is 3 of 9
Answer Stats
Hint Answer % Correct
Who is the oldest one in the band? Jin
100%
What is Jungkook's blood type? A
97%
Who is my Bias? Jungkook
68%
What is the first song on J-hope's Mixtape? Hope World
28%
What song is this? Yuki tsumoru yō ni tashikame te iru yo Crystal Snow
18%
What song is this? When I'm cruisin' down damn airport Nae chingudeulgwa bihaenggi tago Hangsang
10%
Which episode of run BTS did they show RM and V hiking? Seokjin
5%
Who is the 8th member of BTS? Supreme Boy or Supreme Boi
1%
Who wore the cooky mascot in Run BTS? Run BTS episode 44
0%
No matching quizzes found
Score Distribution
Percent of People with Each Score
Percentile by Number Answered
Your Score History
You have not taken this quiz